000 00717cam a22002413a 4500
001 17491
003 PGUSA
005 20140828083355.0
008 060111s2006||||xxu|||||s|||||000 1 eng d
040 _aPGUSA
_beng
042 _adc
050 4 _aPQ
100 1 _aPardo Bazán, Emilia, condesa de,
_d1852-1921
245 1 0 _aLa Tribuna
_h[electronic resource] /
_cEmilia, condesa de Pardo Bazán
260 _bProject Gutenberg,
_c2006
506 _aPublic domain in the USA.
516 _aElectronic text
653 _aPolitical satire, Spanish
653 _aSpain -- Social life and customs -- Fiction
830 0 _aProject Gutenberg
_v17491
856 4 0 _uhttp://www.gutenberg.org/ebooks/17491
942 _cEB
999 _c246746
_d246746